000 00506nam a2200169 i 4500
001 43168
003 ES-MaACL
005 20240421063014.0
007 t|
008 030317s1961 sp ||||1| spa d
100 1 _aCelaya, Gabriel,
_d1911-1991
_937346
245 1 0 _aRapsodia euskara /
_cGabriel Celaya.
260 _aSan Sebastián :
_b[s.n.,
_c1961] (
_eZarauz :
_fTip. Icharopena)
300 _a108 p. :
_bil. ;
_c25 cm.
852 _aES-MaACL
_jC-20960
_bR.30618
999 _c43168
_d43168